Naučno-pedagogičeskaja dejateľnosť Michaila Baludjanskogo v Rosii
Význam a prínos Michaila Baluďanského, svetoznámeho pedagóga, ekonóma a právnika a zakladateľa prvej univerzity v Sankt Peterburgu, pre rozvoj slovensko-česko-ruských vedeckých a kultúrnych vzťahov v prvej polovici 19. storočia.
Salvato in:
| Autore principale: | |
|---|---|
| Altri autori: | , |
| Natura: | Capitolo di libro |
| Lingua: | russo |
| Soggetti: | |
| Tags: |
Nessun Tag, puoi essere il primo ad aggiungerne!!
|
MARC
| LEADER | 00000naa$a2200000$$$4500 | ||
|---|---|---|---|
| 001 | 0122593 | ||
| 005 | 20240502083313.8 | ||
| 041 | 0 | |a rus | |
| 044 | |a UA | ||
| 245 | 1 | 0 | |a Naučno-pedagogičeskaja dejateľnosť Michaila Baludjanskogo v Rosii |c Michal Varchola, O. M. Vaščuk, Lenka Dubovická |
| 520 | |a Význam a prínos Michaila Baluďanského, svetoznámeho pedagóga, ekonóma a právnika a zakladateľa prvej univerzity v Sankt Peterburgu, pre rozvoj slovensko-česko-ruských vedeckých a kultúrnych vzťahov v prvej polovici 19. storočia. | ||
| 610 | 2 | 0 | |a vzdelávanie vysokoškolské |
| 610 | 2 | 0 | |a ekonómia |
| 610 | 2 | 0 | |a história |
| 610 | 2 | 0 | |a pedagogika |
| 610 | 2 | 0 | |a právo |
| 610 | 2 | 0 | |a učitelia |
| 100 | 1 | |a Varchola, Michal | |
| 700 | 1 | |a Vaščuk, O. M. | |
| 700 | 1 | |a Dubovická, Lenka | |